00686nam a2200241 a 4500001001300000003000900013005001700022008004100039020000800080082001700088100002600105245003200131260003800163300000800201500003500209505001000244650002100254700002600275902000800301942000700309952011300316999001500429nice12345678IN_TiNIC20260116012042.0050524s1957 hyda grp 000 0 urd  ac300a491.439bSHE aSherwani, Haroon Khan aUrdu Rasmul Khat Aur Taba`t aHyderabadbMuhtamim Matbuatc1957 a83p aincludes index and biblioraphy2 aIndex aUrdu-Coursr Book1 aSherwani, Haroon Khan bSRS cBK 001040708StackRoom-aHMIbHMId2008-02-06g3.00l0o491.439 SHEp05965r2008-02-06v3.00w2005-05-24yBK c5435d5435